[Event "CHI-ch Women 2020"]
[Site "Las Condes"]
[Date "2020.02.11"]
[Round "1.6"]
[White "Melin Contreras, Valeria"]
[Black "Hormazabal Figueroa, Constanza Valentina"]
[Result "1-0"]
[WhiteElo "1685"]
[BlackElo "1786"]
[Annotator "NA RC"]
[PlyCount "73"]
[EventDate "2020.02.11"]
[EventType "tourn"]
[EventCountry "CHI"]
[SourceTitle "playchess.com"]
[Source "ChessBase"]
[SourceQuality "1"]
[TimeControl "5400+30"]

1. e4 {[%emt 0:00:00]} c5 {[%emt 0:00:00]} 2. Nf3 {[%emt 0:00:00]} Nc6 {[%emt 0:00:00]} 3. Bb5 {[%emt 0:00:22]} e6 {[%emt 0:00:59]} 4. O-O {[%emt 0:04:03]} Nge7 {[%emt 0:00:11]} 5. Re1 {[%emt 0:00:47]} a6 {[%emt 0:01:02]} 6. Bf1 {[%emt 0:04:45]} d5 {[%emt 0:07:30]} 7. exd5 {[%emt 0:05:32]} Nxd5 {[%emt 0:00:15]} 8. d4 {[%emt 0:08:14]} Be7 {[%emt 0:01:42]} 9. c4 {[%emt 0:10:33]} Nf6 {[%emt 0:00:33]} 10. dxc5 {[%emt 0:00:57]} Qxd1 {[%emt 0:00:29]} 11. Rxd1 {[%emt 0:00:05]} Bxc5 {[%emt 0:00:16]} 12. Nc3 {[%emt 0:01:20]} Be7 {[%emt 0:06:20]} 13. Bf4 {[%emt 0:04:27]} O-O {[%emt 0:02:07]} 14. a3 {[%emt 0:03:45]} a5 {[%emt 0:01:12]} 15. Nb5 {[%emt 0:02:00]} a4 {[%emt 0:08:13]} 16. Rac1 {[%emt 0:24:41]} Nd7 {[%emt 0:09:03]} 17. Bd6 {[%emt 0:05:44]} Nc5 {[%emt 0:02:32]} 18. Bxe7 {[%emt 0:00:51]} Nxe7 {[%emt 0:00:11]} 19. Ne5 {[%emt 0:06:11]} f6 {[%emt 0:03:00]} 20. Nf3 {[%emt 0:01:56]} e5 {[%emt 0:03:14]} 21. Rc3 {[%emt 0:02:52]} Bg4 {[%emt 0:04:55]} 22. h3 {[%emt 0:01:03]} Bh5 {[%emt 0:00:22]} 23. g4 {[%emt 0:01:00]} Bf7 {[%emt 0:00:13]} 24. Bg2 {[%emt 0:06:46]} Rfd8 {[%emt 0:01:53]} 25. Rxd8+ {[%emt 0:00:31]} Rxd8 {[%emt 0:00:09]} 26. g5 {[%emt 0:00:53]} Rd1+ {[%emt 0:01:28]} 27. Kh2 {[%emt 0:00:11]} Nc6 {[%emt 0:02:00]} 28. gxf6 {[%emt 0:00:24]} gxf6 {[%emt 0:00:12]} 29. Nh4 {[%emt 0:00:58]} Rd2 {[%emt 0:02:20]} 30. Nf5 {[%emt 0:01:45]} Rxf2 {[%emt 0:01:40]} 31. Nh6+ {[%emt 0:00:39]} Kf8 {[%emt 0:01:21]} 32. Nxf7 {[%emt 0:00:02]} Kxf7 {[%emt 0:00:30]} 33. Kg1 {[%emt 0:00:26]} Rxb2 {[%emt 0:00:36]} 34. Bd5+ {[%emt 0:00:28]} Kg7 {[%emt 0:01:59]} 35. Rg3+ {[%emt 0:00:18]} Kh6 {[%emt 0:00:30]} 36. Nd6 {[%emt 0:01:29]} Nd8 {[%emt 0:05:45]} 37. Nf5+ {[%emt 0:02:21]} 1-0

[Event "CHI-ch Women 2020"]
[Site "Las Condes"]
[Date "2020.02.11"]
[Round "1.7"]
[White "Sanchez Tobar, Francisca Valentina"]
[Black "Zuniga Lara, Catalina Paz"]
[Result "0-1"]
[WhiteElo "1757"]
[BlackElo "1712"]
[Annotator "NA RC"]
[PlyCount "104"]
[EventDate "2020.02.11"]
[EventType "tourn"]
[EventCountry "CHI"]
[SourceTitle "playchess.com"]
[Source "ChessBase"]
[SourceQuality "1"]
[TimeControl "5400+30"]

1. e4 {[%emt 0:00:00]} g6 {[%emt 0:00:37]} 2. d4 {[%emt 0:00:05]} Bg7 {[%emt 0:00:05]} 3. f4 {[%emt 0:00:45]} d6 {[%emt 0:00:54]} 4. Be3 {[%emt 0:02:47]} Nf6 {[%emt 0:02:24]} 5. Nc3 {[%emt 0:00:25]} O-O {[%emt 0:01:31]} 6. Nf3 {[%emt 0:00:54]} Ng4 {[%emt 0:07:34]} 7. Bg1 {[%emt 0:09:36]} c5 {[%emt 0:03:09]} 8. h3 {[%emt 0:03:52]} Nf6 {[%emt 0:08:29]} 9. Qd2 {[%emt 0:09:00]} cxd4 {[%emt 0:03:24]} 10. Bxd4 {[%emt 0:00:50]} Nc6 {[%emt 0:00:06]} 11. Be3 {[%emt 0:00:31]} Qa5 {[%emt 0:02:35]} 12. g4 {[%emt 0:06:07]} Qb4 {[%emt 0:03:08]} 13. Bd3 {[%emt 0:01:51]} Qxb2 {[%emt 0:05:50]} 14. Rb1 {[%emt 0:00:50]} Qa3 {[%emt 0:02:03]} 15. Rb3 {[%emt 0:01:58]} Qa5 {[%emt 0:00:12]} 16. O-O {[%emt 0:04:27]} Be6 {[%emt 0:05:19]} 17. Rb5 {[%emt 0:03:15]} Qc7 {[%emt 0:00:53]} 18. f5 {[%emt 0:02:28]} Bd7 {[%emt 0:00:05]} 19. Bh6 {[%emt 0:07:12]} a6 {[%emt 0:01:23]} 20. Rbb1 {[%emt 0:03:14]} b5 {[%emt 0:03:28]} 21. Bxg7 {[%emt 0:07:33]} Kxg7 {[%emt 0:00:42]} 22. g5 {[%emt 0:00:30]} Nh5 {[%emt 0:00:28]} 23. Nd5 {[%emt 0:00:15]} Qa7+ {[%emt 0:01:47]} 24. Kh2 {[%emt 0:01:45]} Qc5 {[%emt 0:03:10]} 25. Nf4 {[%emt 0:12:42]} Nxf4 {[%emt 0:02:13]} 26. Qxf4 {[%emt 0:00:01]} f6 {[%emt 0:02:01]} 27. Rg1 {[%emt 0:03:01]} Ne5 {[%emt 0:01:10]} 28. Rg2 {[%emt 0:02:35]} Nxf3+ {[%emt 0:01:55]} 29. Qxf3 {[%emt 0:00:07]} Qe5+ {[%emt 0:00:50]} 30. Kh1 {[%emt 0:00:36]} Bc6 {[%emt 0:00:38]} 31. Qg4 {[%emt 0:05:00]} fxg5 {[%emt 0:03:05]} 32. Qxg5 {[%emt 0:01:46]} Bxe4 {[%emt 0:03:05]} 33. Bxe4 {[%emt 0:01:21]} Qxe4 {[%emt 0:00:05]} 34. fxg6 {[%emt 0:00:32]} hxg6 {[%emt 0:00:08]} 35. Qg3 {[%emt 0:01:18]} Rh8 {[%emt 0:01:50]} 36. Kg1 {[%emt 0:02:25]} Qd4+ {[%emt 0:01:33]} 37. Rf2 {[%emt 0:00:52]} Raf8 {[%emt 0:00:34]} 38. Rbf1 {[%emt 0:00:13]} Rxf2 {[%emt 0:00:19]} 39. Rxf2 {[%emt 0:00:16]} Rf8 {[%emt 0:00:03]} 40. Kg2 {[%emt 0:01:42]} Qxf2+ {[%emt 0:00:13]} 41. Qxf2 {[%emt 0:00:06]} Rxf2+ {[%emt 0:00:04]} 42. Kxf2 {[%emt 0:00:08]} Kf6 {[%emt 0:00:01]} 43. Kf3 {[%emt 0:00:12]} Ke5 {[%emt 0:00:04]} 44. Kg4 {[%emt 0:00:13]} Kf6 {[%emt 0:00:15]} 45. Kf3 {[%emt 0:00:08]} d5 {[%emt 0:00:04]} 46. c3 {[%emt 0:00:10]} e5 {[%emt 0:00:03]} 47. Ke3 {[%emt 0:00:07]} Kf5 {[%emt 0:00:04]} 48. a3 {[%emt 0:00:10]} a5 {[%emt 0:00:15]} 49. Kf3 {[%emt 0:00:16]} d4 {[%emt 0:00:11]} 50. cxd4 {[%emt 0:00:07]} exd4 {[%emt 0:00:04]} 51. Ke2 {[%emt 0:00:10]} Ke4 {[%emt 0:00:04]} 52. Kd2 {[%emt 0:00:09]} b4 {[%emt 0:00:07]} 0-1

[Event "CHI-ch Women 2020"]
[Site "Las Condes"]
[Date "2020.02.11"]
[Round "1.9"]
[White "Reyes Jara, Paula"]
[Black "Luna Benalcazar, Gianella"]
[Result "1-0"]
[WhiteElo "1860"]
[BlackElo "1756"]
[Annotator "NA RC"]
[PlyCount "95"]
[EventDate "2020.02.11"]
[EventType "tourn"]
[EventCountry "CHI"]
[SourceTitle "playchess.com"]
[Source "ChessBase"]
[SourceQuality "1"]
[TimeControl "5400+30"]

{[%evp 8,94,30,32767,32767,32767,32767,32767,32767,11,16,8,14,21,12,3,16,0,18,0,0,0,0,-11,-14,-12,32767,32767,-3,-7,0,0,66,36,42,34,25,16,34,35,42,0,0,-19,-20,-62,-42,-42,-63,-73,-69,-92,0,-11,-33,-11,-23,-34,23,27,35,46,68,51,93,84,125,100,291,304,432,524,608,600,644,452,547,32767,173,588,553,415,416,439,458,382,695,806,29987]} 1. e4 {[%emt 0:00:00]} e5 {[%emt 0:00:01]} 2. Nf3 {[%emt 0:00:19]} Nc6 {[%emt 0:00:13]} 3. Bc4 {[%emt 0:00:24]} Nf6 {[%emt 0:00:26]} 4. d3 {[%emt 0:00:55]} Be7 {[%emt 0:00:40]} 5. O-O {[%emt 0:01:27]} O-O {[%emt 0:00:12]} 6. c3 {[%emt 0:01:08]} d6 {[%emt 0:00:51]} 7. h3 {[%emt 0:03:49]} Na5 {[%emt 0:03:18]} 8. Bb5 {[%emt 0:03:08]} a6 {[%emt 0:00:50]} 9. Ba4 {[%emt 0:00:12]} b5 {[%emt 0:00:05]} 10. Bc2 {[%emt 0:00:07]} c5 {[%emt 0:02:44]} 11. Nbd2 {[%emt 0:03:32]} Nc6 {[%emt 0:06:01]} 12. Re1 {[%emt 0:02:15]} h6 {[%emt 0:01:51]} 13. Nf1 {[%emt 0:00:43]} Re8 {[%emt 0:02:28]} 14. Ne3 {[%emt 0:04:25]} Be6 {[%emt 0:01:24]} 15. d4 {[%emt 0:03:42]} cxd4 {[%emt 0:05:34]} 16. cxd4 {[%emt 0:00:08]} Nxd4 {[%emt 0:04:05]} 17. Nxd4 {[%emt 0:01:12]} exd4 {[%emt 0:03:32]} 18. Qxd4 {[%emt 0:00:08]} Bf8 {[%emt 0:05:34]} 19. b3 {[%emt 0:03:27]} Bc8 {[%emt 0:15:56]} 20. Bb2 {[%emt 0:05:07]} Bb7 {[%emt 0:11:38]} 21. Nf5 {[%emt 0:00:40]} Rc8 {[%emt 0:04:54]} 22. Bd3 {[%emt 0:03:20]} Re6 {[%emt 0:04:37]} 23. Rad1 {[%emt 0:05:46]} g6 {[%emt 0:04:03]} 24. Ng3 {[%emt 0:01:39]} Bg7 {[%emt 0:01:52]} 25. Qb4 {[%emt 0:04:55]} Nd5 {[%emt 0:03:23]} 26. exd5 {[%emt 0:13:58]} Rxe1+ {[%emt 0:00:08]} 27. Qxe1 {[%emt 0:00:07]} Bxb2 {[%emt 0:00:10]} 28. Qe2 {[%emt 0:01:12]} Be5 {[%emt 0:01:14]} 29. Qg4 {[%emt 0:03:17]} Kh8 {[%emt 0:06:18]} (29... Qg5 $17 30. Qxg5 hxg5) 30. f4 {[%emt 0:04:38]} Bg7 {[%emt 0:03:34]} 31. f5 {[%emt 0:01:22]} g5 {[%emt 0:02:21]} ({Of course not} 31... Bxd5 $6 32. fxg6 Be6 33. Bf5 $14) 32. Nh5 {[%emt 0:01:23]} f6 {[%emt 0:02:31]} ({Not} 32... Bxd5 $2 {[#]} 33. f6 $1 $18 {[%mdl 512]}) (32... Bf6 $15) 33. Qd4 {[%emt 0:02:56]} Qe7 {[%emt 0:00:51]} 34. Be4 {[%emt 0:05:24]} Qf7 {[%emt 0:00:41]} 35. Bf3 {[%emt 0:00:08]} Re8 {[%emt 0:01:14]} 36. Rc1 {[%emt 0:02:22]} Qd7 {[%emt 0:01:27]} 37. Qb6 {[%emt 0:00:44]} Rc8 $2 {[%emt 0:00:28] [#]} (37... Re7 $16) 38. Re1 $1 {[%emt 0:00:38]} Ba8 {[%emt 0:01:08]} (38... Rf8 $142 39. Re6 Kh7 40. Rxd6 Qf7) 39. Re6 {[%emt 0:02:22]} Qf7 {[%emt 0:00:35]} 40. Rxd6 {[%emt 0:01:02]} Rf8 {[%emt 0:00:31]} 41. Qxa6 {[%emt 0:01:20]} Qe7 {[%emt 0:00:25]} 42. Qb6 {[%emt 0:01:33]} Qe1+ {[%emt 0:00:17]} 43. Kh2 {[%emt 0:00:07]} Qe5+ {[%emt 0:00:18]} 44. Ng3 {[%emt 0:00:19]} h5 {[%emt 0:00:23]} 45. Re6 {[%emt 0:00:05]} Qf4 {[%emt 0:00:56]} 46. Re4 {[%emt 0:00:11]} Qd2 $18 {[%emt 0:00:11]} (46... Qb8 $142 47. Qxb8 Rxb8) 47. Nxh5 {[%emt 0:00:56]} Qxa2 {[%emt 0:00:47]} 48. Qc7 {[%emt 0:00:44]} 1-0

[Event "CHI-ch Women 2020"]
[Site "Las Condes"]
[Date "2020.02.11"]
[Round "1.10"]
[White "Gomez Barrera, Javiera Belen"]
[Black "Morales Flores, Monserrat"]
[Result "1-0"]
[WhiteElo "2051"]
[BlackElo "1955"]
[Annotator "NA RC"]
[PlyCount "53"]
[EventDate "2020.02.11"]
[EventType "tourn"]
[EventCountry "CHI"]
[SourceTitle "playchess.com"]
[Source "ChessBase"]
[SourceQuality "1"]
[TimeControl "5400+30"]

{[%evp 8,53,43,26,31,31,37,32767,32767,32767,32767,23,26,11,37,20,29,28,41,24,70,55,126,100,123,102,125,118,154,147,259,269,268,290,263,260,280,221,214,179,243,187,212,202,208,139,941,1032]} 1. e4 {[%emt 0:00:00]} c5 {[%emt 0:00:00]} 2. Nf3 {[%emt 0:00:20]} e6 {[%emt 0:00:10]} 3. d4 {[%emt 0:00:18]} cxd4 {[%emt 0:00:20]} 4. Nxd4 {[%emt 0:00:04]} a6 {[%emt 0:00:04]} 5. c4 {[%emt 0:00:31]} Nf6 {[%emt 0:00:48]} 6. Nc3 {[%emt 0:00:16]} Qc7 {[%emt 0:00:05]} 7. Be2 {[%emt 0:01:51]} Bb4 {[%emt 0:01:21]} 8. Qd3 {[%emt 0:00:59]} O-O {[%emt 0:01:30] B41: Sicilian: Kan Variation: 5 c4.} 9. O-O {[%emt 0:18:36]} d6 {[%emt 0:02:24]} 10. Bg5 {[%emt 0:12:57]} Nbd7 {[%emt 0:02:53]} 11. Nb3 {[%emt 0:09:23]} b6 {[%emt 0:16:06] [#]} 12. Rac1 $146 {[%emt 0:06:56]} ({Predecessor:} 12. f3 Bxc3 13. Qxc3 Bb7 14. Rfd1 d5 15. exd5 exd5 16. Rac1 Rfe8 17. Bf1 h6 18. Bh4 {1-0 (33) Gunina,V (2501)-Chinguun,S (2286) Caleta 2019}) 12... Bb7 {[%emt 0:03:09]} 13. f3 {[%emt 0:04:51]} Ne8 {[%emt 0:38:25]} 14. a3 {[%emt 0:12:30]} Bc5+ {[%emt 0:02:16]} ({Black should try} 14... Nc5 $14 15. Nxc5 Bxc5+ 16. Kh1 a5) 15. Nxc5 {[%emt 0:02:27]} bxc5 {[%emt 0:02:04]} 16. f4 {[%emt 0:04:21]} Bc6 {[%emt 0:07:40]} 17. Rcd1 {[%emt 0:04:32]} Ndf6 {[%emt 0:06:05]} 18. Bf3 {[%emt 0:05:10]} Qb6 {[%emt 0:12:03]} (18... h6 $16 {keeps fighting.}) 19. e5 {[%emt 0:04:43]} dxe5 {[%emt 0:00:15]} 20. Bxc6 {[%emt 0:03:11]} ({Don't play} 20. fxe5 $6 Nd7 $18) 20... Qxc6 {[%emt 0:00:12]} 21. fxe5 {[%emt 0:00:02]} Ng4 {[%emt 0:00:38]} 22. Be7 {[%emt 0:03:26]} Nxe5 {[%emt 0:00:32]} 23. Qe2 {[%emt 0:00:21]} Ng6 {[%emt 0:00:33]} (23... Nd7 {keeps fighting.} 24. Ne4 (24. Bxf8 Kxf8 25. g4 Kg8 $18) 24... Qc7) 24. Bxf8 {[%emt 0:00:12]} Kxf8 {[%emt 0:00:35]} 25. Ne4 {[%emt 0:00:53]} Kg8 {[%emt 0:01:40] [#]} 26. Qf3 {[%emt 0:02:55]} (26. Qf2 $1 $18 {[%cal Rf2f7]} f6 27. Nxc5) 26... Qc7 $2 {[%emt 0:00:28] [#]} (26... Ne5 $16 27. Qf4 f6) 27. Nf6+ $18 {[%emt 0:00:23] Qc6 Ne4 Discovered Attack} 1-0

[Event "CHI-ch Women 2020"]
[Site "Las Condes"]
[Date "2020.02.12"]
[Round "2.6"]
[White "Hormazabal Figueroa, Constanza Valentina"]
[Black "Morales Flores, Monserrat"]
[Result "1/2-1/2"]
[WhiteElo "1786"]
[BlackElo "1955"]
[Annotator "TA"]
[PlyCount "66"]
[EventDate "2020.02.11"]
[EventType "tourn"]
[EventCountry "CHI"]
[SourceTitle "playchess.com"]
[Source "ChessBase"]
[SourceQuality "1"]

{[%evp 18,66,23,8,27,-14,58,-24,0,-47,-44,-50,-41,-49,-20,-42,-37,-24,-27,-40,-12,-25,-27,-74,-44,-141,10,14,7,4,54,53,37,31,48,52,55,52,139,140,143,110,106,59,55,48,64,39,47,50,64]} 1. d4 Nf6 2. Nf3 g6 3. c4 Bg7 4. g3 O-O 5. Bg2 d6 6. O-O Nc6 7. Nc3 e5 8. dxe5 dxe5 9. Bg5 Be6 10. Qa4 Qc8 {E62: King's Indian: Fianchetto: 6...c6 and Panno Variation (6...Nc6) without ...a6.} 11. Rfd1 h6 (11... Nd7 $11) 12. Be3 (12. Bxf6 $1 $14 Bxf6 13. Nd2) 12... Nd7 {[#] Black has an edge.} 13. Ne1 $146 ({Predecessor:} 13. Nd5 Kh7 14. Rac1 Nb6 15. Qb5 f5 16. Bc5 Rf7 17. a4 Nd7 18. Be3 g5 19. Qb3 {1-0 (49) Franco Valencia,B (2213)-Rivera,I (2148) El Bagre 2012}) 13... Nb6 {[%mdl 64] [#] Double Attack} 14. Qc2 Nxc4 15. Bc5 Re8 (15... Nd4 $5 {[%cal Rd4c2]} 16. Qc1 Rd8 $15) 16. b3 Nb6 17. Bxc6 bxc6 18. Rac1 f5 19. Nd3 Bf7 20. Be3 Nd7 21. Na4 {[#]} (21. f3 $15) 21... Re6 $2 (21... Nf6 $1 $17 22. Bc5 g5) 22. Nb4 $11 Nb8 23. Rd2 a5 24. Rcd1 $1 {[%mdl 1024] And now Rd8+ would win. White has compensation.} Bf6 25. Nd3 Qf8 26. Bc5 Qe8 27. Ba3 Na6 (27... Rd6 $14) 28. Ndc5 $36 {[%mdl 2048] Keeping Black busy.} Nxc5 29. Nxc5 Rd6 30. Rxd6 cxd6 {White is slightly better.} 31. Rxd6 Be7 32. Rd1 Bd5 33. Bb2 Bxc5 {Accuracy: White = 61%, Black = 56%.} 1/2-1/2

[Event "CHI-ch Women 2020"]
[Site "Las Condes"]
[Date "2020.02.12"]
[Round "2.7"]
[White "Luna Benalcazar, Gianella"]
[Black "Gomez Barrera, Javiera Belen"]
[Result "0-1"]
[WhiteElo "1756"]
[BlackElo "2051"]
[Annotator "TA"]
[PlyCount "68"]
[EventDate "2020.02.11"]
[EventType "tourn"]
[EventCountry "CHI"]
[SourceTitle "playchess.com"]
[Source "ChessBase"]
[SourceQuality "1"]

{[%evp 20,68,-2,-6,-8,-13,0,0,0,0,0,0,30,-12,50,0,50,47,59,73,74,39,135,9,8,-6,0,-17,0,-27,0,0,0,-54,-44,-54,239,-58,-41,-262,-250,-624,-616,-712,-704,-758,-721,-1010,-675,-775,-686]} 1. e4 e5 2. Nf3 Nc6 3. Bc4 Bc5 4. c3 Nf6 5. d4 exd4 6. cxd4 Bb4+ 7. Bd2 Bxd2+ 8. Nbxd2 d5 9. exd5 Nxd5 10. O-O O-O 11. Rc1 Nb6 $1 {11...Nb6 scores better than 11...Bg4. C54: Giuoco Piano: 4 c3 Nf6, main lines with 5 d4 and 5 d3.} 12. Bb3 a5 13. a4 Nb4 {The position is equal.} 14. Ne5 N6d5 15. Ne4 {[#]} c6 $146 ({Predecessor:} 15... Bf5 16. Nc5 b6 17. Qf3 Bc8 18. Nc6 Nxc6 19. Qxd5 bxc5 20. Qxc6 Rb8 21. Bc4 cxd4 22. Bb5 Bb7 23. Qxc7 Qg5 24. Qg3 Qd2 25. b3 Bd5 26. Rcd1 {½-½ (26) Vucinic,G (2313)-Blagojevic,D (2505) Paracin 2014}) 16. Qh5 h6 ({Black should try} 16... f6 $11 17. Nc4 Be6) 17. Rc3 Be6 {[#]} 18. Rg3 $1 {[%mdl 512] Intending Qxh6 and mate.} Nf4 19. Qf3 Nbd5 20. Nc5 Qh4 (20... Qe7 $14) 21. Nxe6 (21. Nxb7 $16 {Strongly threatening Re1.} Nf6 22. Nc5) 21... Nxe6 $11 22. Rg4 $132 {[%mdl 2048] White is not holding back} Qd8 23. Qg3 Qe7 24. Rh4 Qg5 25. Rg4 Qe7 26. Bc2 (26. Bxd5 $11 cxd5 27. f4) 26... Nf6 $15 27. Qh4 {Hoping for Qxh6.} Kh8 $2 {[%mdl 8192] [#]} (27... Ng5 $15 {stays ahead.} 28. Rg3 Rad8) 28. Rg3 $2 ({Only move:} 28. Rg6 $1 $18) 28... Rad8 29. Nf3 $2 {[#]} (29. Re3 $15) 29... Rd5 $1 $19 {[%cal Rd5h5] Threatens to win with ...Rh5.} 30. Ne5 $2 (30. Rh3) 30... Nxd4 {Black is clearly winning.} 31. Nf3 Nxc2 32. Qc4 Qe4 33. Qb3 Nb4 {And now ...Rd3 would win.} 34. Re1 Qd3 {Accuracy: White = 39%, Black = 59%.} 0-1

[Event "CHI-ch Women 2020"]
[Site "Las Condes"]
[Date "2020.02.12"]
[Round "2.8"]
[White "Fuentes Inzunza, Lesly"]
[Black "Reyes Jara, Paula"]
[Result "0-1"]
[WhiteElo "1851"]
[BlackElo "1860"]
[Annotator "NA RC"]
[PlyCount "94"]
[EventDate "2020.02.11"]
[EventType "tourn"]
[EventCountry "CHI"]
[SourceTitle "playchess.com"]
[Source "ChessBase"]
[SourceQuality "1"]
[TimeControl "5400+30"]

{[%evp 8,85,26,-22,6,-10,1,0,0,0,6,0,4,0,32,25,29,24,32,36,72,37,111,19,40,24,27,16,27,21,23,25,52,56,58,26,45,9,84,20,18,-22,-12,-36,-6,-22,-18,-41,49,-18,-12,0,-19,-17,-25,-66,-70,-171,-22,-16,-10,-11,178,32767,-115,-120,-131,32767,-173,-189,-78,-45,-56,-78,-79,-61,-89,-63,-83,-59]} 1. d4 {[%emt 0:03:17]} Nf6 {[%emt 0:00:00]} 2. Nf3 {[%emt 0:00:13]} d5 {[%emt 0:01:34]} 3. g3 {[%emt 0:01:55]} e6 {[%emt 0:02:59]} 4. Bg2 {[%emt 0:00:43]} c5 {[%emt 0:01:12]} 5. e3 {[%emt 0:00:28]} Nc6 {[%emt 0:00:39]} 6. O-O {[%emt 0:00:21]} Bd6 {[%emt 0:00:42]} 7. b3 {[%emt 0:00:45]} O-O {[%emt 0:02:51]} 8. Bb2 {[%emt 0:00:25]} b6 {[%emt 0:05:36]} 9. Nbd2 {[%emt 0:01:25]} Bb7 {[%emt 0:07:29]} 10. Ne5 $11 {[%emt 0:10:10] D02: 1 d4 d5 2 Nf3 sidelines, including 2...Nf6 3 g3 and 2...Nf6 3 Bf4.} Nd7 {[%emt 0:07:48] [#]} 11. Nxc6 $146 {[%emt 0:20:09]} ({Predecessor:} 11. Nxd7 Qxd7 12. c4 Be7 13. Nf3 Rfd8 14. cxd5 exd5 15. Qd2 Rac8 16. Rfd1 Ba6 17. Bc3 Qf5 {0-1 (57) Jiang,Z (2011)-Xu,Y (2171) Qinhuangdao 2017}) 11... Bxc6 {[%emt 0:00:14]} 12. c4 {[%emt 0:00:17]} Rc8 {[%emt 0:04:47]} 13. Rc1 {[%emt 0:01:30]} Qg5 {[%emt 0:03:56]} 14. e4 {[%emt 0:04:12]} cxd4 {[%emt 0:11:10]} ({Black should try} 14... dxe4 $1 $14 15. Bxe4 (15. Nxe4 Bxe4 16. Bxe4 cxd4 $14) 15... cxd4) 15. f4 {[%emt 0:11:53]} (15. exd5 $16 exd5 16. Nf3 {[%mdl 64] Double Attack} (16. Bxd4 Be7 $16)) 15... Qg6 {[%emt 0:02:19]} 16. exd5 {[%emt 0:01:46]} exd5 {[%emt 0:01:31]} 17. cxd5 {[%emt 0:02:14]} Bb5 {[%emt 0:00:28]} 18. Nc4 {[%emt 0:05:03]} d3 {[%emt 0:10:31]} 19. f5 {[%emt 0:09:53]} Bc5+ {[%emt 0:01:17]} 20. Kh1 {[%emt 0:00:16]} Qh6 {[%emt 0:04:07]} 21. Qxd3 {[%emt 0:00:35]} Rfe8 {[%emt 0:02:57]} 22. Rce1 {[%emt 0:03:18]} Nf6 {[%emt 0:04:24]} (22... Bd6 $11 {keeps the balance.}) 23. Rxe8+ {[%emt 0:18:47]} Rxe8 {[%emt 0:00:06]} 24. Bxf6 {[%emt 0:00:21]} Qxf6 {[%emt 0:00:20]} 25. Qc2 {[%emt 0:01:07]} Qd4 {[%emt 0:03:47]} 26. Rd1 {[%emt 0:00:29]} Qg4 {[%emt 0:00:07]} 27. a4 {[%emt 0:00:41]} Re2 {[%emt 0:02:12]} (27... Bd7 $15 28. Rf1 Qd4) 28. Qd3 {[%emt 0:00:40]} ({White should play} 28. h3 $14 Qh5 29. g4 Rxc2 30. gxh5 Bxa4 31. Ne5 (31. bxa4 Rxc4 32. d6 Rd4 $11)) 28... Bxc4 $1 {[%emt 0:01:54]} 29. bxc4 {[%emt 0:00:13]} Re3 {[%emt 0:00:10]} 30. Qf1 {[%emt 0:01:17]} (30. Qd2 $5 {[%cal Rd5d6]} Bd6 31. a5 $11 (31. Qxe3 Qxd1+ {[%mdl 64] Double Attack} 32. Qg1 Qxa4 $17)) 30... Bd6 $1 {[%emt 0:01:04]} 31. Rc1 {[%emt 0:00:32]} Qh5 {[%emt 0:00:49]} 32. Kg1 {[%emt 0:00:32] [#]} (32. Bh3 $17 {is a better defense.}) 32... Bc5 {[%emt 0:00:18]} (32... Rxg3 $1 $19 {[%mdl 512]} 33. c5 (33. hxg3 Bc5+) 33... Bxc5+ 34. Rxc5 Rxg2+ 35. Qxg2 Qd1+ 36. Kf2 Qd4+ 37. Ke2 bxc5) 33. Kh1 {[%emt 0:00:24]} Rxg3 {[%emt 0:01:00]} 34. Re1 $1 {[%emt 0:00:18]} ({Don't play} 34. Qf4 Rg4 $17) 34... f6 $2 {[%emt 0:01:29]} (34... h6 $11) 35. Re8+ {[%emt 0:00:46]} Qxe8 {[%emt 0:00:42]} 36. hxg3 {[%emt 0:00:01]} Qxa4 {[%emt 0:00:17]} 37. Qe2 {[%emt 0:00:26]} Qa1+ {[%emt 0:00:36]} 38. Kh2 {[%emt 0:00:01]} Qg1+ {[%emt 0:02:00]} 39. Kh3 {[%emt 0:00:01]} Qe3 $1 {[%emt 0:00:08]} 40. Qxe3 {[%emt 0:00:54]} Bxe3 {[%emt 0:00:05]} 41. d6 {[%emt 0:00:42]} Kf8 {[%emt 0:00:16]} 42. Bc6 $15 {[%emt 0:00:14]} Bc5 {[%emt 0:00:40]} 43. d7 {[%emt 0:00:16]} Ke7 {[%emt 0:00:05]} 44. Kg4 {[%emt 0:00:26]} Bd6 {[%emt 0:00:32]} 45. Kf3 {[%emt 0:01:00]} Bc7 {[%emt 0:00:07]} 46. g4 {[%emt 0:00:15]} Kd6 {[%emt 0:00:07]} 47. Ke4 {[%emt 0:00:17]} Kxc6 {[%emt 0:00:09] Ke5} 0-1